| 000 | 00518nam a2200133Ia 4500 | ||
|---|---|---|---|
| 008 | 220615s9999||||xx |||||||||||||| ||und|| | ||
| 100 | _aRobbins, Lanny | ||
| 245 | 0 |
_aDistillation Control, Optimization, and Tuning: Fundamentals and Strategies _bFundamentals and Strategies |
|
| 546 | _aEnglish[eng] | ||
| 650 | _aControl||Distillation||Fundamentals||Optimization||Strategies||Tuning | ||
| 700 | _aShatkin, Allison | ||
| 856 | _uhttps://library.oapen.org/bitstream/20.500.12657/40115/1/9781439857489.pdf | ||
| 942 | _cEB | ||
| 999 |
_c11943 _d11943 |
||